| LEADER 00000nam 2200000uu 4500 |
| 001 13399126253 |
| 003 BCNR |
| 008 200218s2562||||th 000 0 tha d |
| 020 ^a9786164858626
|
| 041 ^atha
|
| 060 4 ^aWY20.5^bส753ก 2562
|
| 100 0 ^aสุจิตรา เทียนสวัสดิ์
|
| 245 00 ^aการพัฒนาเครื่องมือสำหรับการวิจัยทางการพยาบาล =^bInstrument development for nursing research /^cสุจิตรา เทียนสวัสดิ์
|
| 246 31 ^aInstrument development for nursing research
|
| 250 ^aพิมพ์ครั้งที่ 1
|
| 260 ^aเชียงใหม่ :^bสยามพิมพ์นานา,^c2562
|
| 300 ^a282 หน้า :^bภาพประกอบ, ตาราง ;^c26 ซม.
|
| 505 0 ^aบทที่ 1 บทนำ -- บทที่ 2 แนวคิดและทฤษฎีเกี่ยวกับการวัด -- บทที่ 3 คุณลักษณะสำคัญของการวัด -- บทที่ 4 การพัฒนาเครื่องมือวัด -- บทที่ 5 การตรวจสอบความตรงเชิงเนื้อหา -- บทที่ 6 การวิเคราะห์ข้อความรายข้อของแบบวัด -- บทที่ 7 การตรวจสอบความตรงเชิงโครงสร้างโดยการวิเคราะห์องค์ประกอบ -- บทที่ 8 การตรวจสอบความตรงเชิงโครงสร้างโดยการวิเคราะห์พหุ ลักษณะพหุวิธี -- บทที่ 9 การตรวจสอบความตรงเชิงโครงสร้างโดยวิธีอื่นๆ -- บทที่ 10 การตรวจสอบความตรงตามเกณฑ์ -- บทที่ 11 การวัดตัวแปรทางชีวสรีรวิทยา -- บทที่ 12 การแปลเครื่องมือสำหรับการวิจัยข้ามวัฒนธรรม
|
| 650 4 ^aวิจัยทางการพยาบาล
|
| 650 4 ^aการวิจัยทางการพยาบาล^xเครื่องมือ
|
| 650 4 ^aการพยาบาล^xวิจัย
|
| 999 ^aบรรณารักษ์
|